Glimpses of Indian Culture (Record no. 55839)
[ view plain ]
| 000 -LEADER | |
|---|---|
| fixed length control field | 00513nam a2200193Ia 4500 |
| 001 - CONTROL NUMBER | |
| control field | 55915 |
| 008 - FIXED-LENGTH DATA ELEMENTS--GENERAL INFORMATION | |
| fixed length control field | 121226n ii |||gr||||Z||||||465 |
| 020 ## - INTERNATIONAL STANDARD BOOK NUMBER | |
| International Standard Book Number | 81-217-0118-X |
| 082 ## - DEWEY DECIMAL CLASSIFICATION NUMBER | |
| Classification number | 306.0954 |
| 245 #0 - TITLE STATEMENT | |
| Title | Glimpses of Indian Culture |
| Statement of responsibility, etc. | A C Sarangi |
| Medium | Textual Documents |
| 250 ## - EDITION STATEMENT | |
| Edition statement | First. |
| 260 ## - PUBLICATION, DISTRIBUTION, ETC. | |
| Place of publication, distribution, etc. | Delhi |
| Name of publisher, distributor, etc. | Bharatiya Vidya Prakashan |
| Date of publication, distribution, etc. | 1997. |
| 300 ## - PHYSICAL DESCRIPTION | |
| Extent | 124pg: |
| Dimensions | 25cm. |
| 653 ## - INDEX TERM--UNCONTROLLED | |
| Uncontrolled term | Indian Culture-Glimpses |
| 653 ## - INDEX TERM--UNCONTROLLED | |
| Uncontrolled term | Deptt-Sanskrit |
| 653 ## - INDEX TERM--UNCONTROLLED | |
| Uncontrolled term | Sanskrit |
| 700 ## - ADDED ENTRY--PERSONAL NAME | |
| Personal name | Sarangi,A C . |
| 942 ## - ADDED ENTRY ELEMENTS (KOHA) | |
| Source of classification or shelving scheme | Dewey Decimal Classification |
| Koha item type | Books |
| Withdrawn status | Lost status | Damaged status | Not for loan | Collection | Home library | Current library | Shelving location | Date acquired | Coded location qualifier | Cost, normal purchase price | Total checkouts | Full call number | Barcode | Date last seen | Copy number | Price effective from | Koha item type |
|---|---|---|---|---|---|---|---|---|---|---|---|---|---|---|---|---|---|
| Dr. Suryya Kumar Bhuyan Library | Dr. Suryya Kumar Bhuyan Library | 26/12/2012 | 00000 | 200.00 | 306.0954 Sa 71 Gl | 1373/san | 14/01/2024 | 1 | 26/12/2012 | Books |
